Responses for show #7381 - Monday, October 17, 2016

Contestants

Shannon Dillmore, a genomics research manager from Raleigh, North Carolina

Marianne Novak, an Orthodox rabbinical student from Skokie, Illinois

Susan Cole, a legislative librarian from Bowie, Maryland (whose 3-day cash winnings total $67,800)

Jeopardy! Round responses

SPEECH! SPEECH!
ABBREV.
AN "F" IN SCIENCE
(Alex: From the website 100people.org...)
IF THE WORLD WERE 100 PEOPLE
STAR FISH
THAT'S REPETITIVE
    $200 12
Pence

Shannon
    $200 2
Alcohol, Tobacco, and Firearms

Shannon
    $200 6
fluoride

Marianne
    $200 27
[The end-of-round signal sounds.]

Asia

Shannon
    $200 1
a great white

Marianne
    $200 14
the State of the State

Shannon
    $400 13
Cesar Chavez

Marianne
    $400 8
(Alex: Engaged in [*] news gathering, hence the dish.)

satellite

Triple Stumper
    $400 4
(Marianne: What is electricity?)

friction

MarianneShannon
    $400 26
Christianity

Shannon
    $400 18
monkey see, monkey do

Shannon
    $600 16
(Susan: Who is Edward VII?)

Edward VIII

Susan
Triple Stumper
    $600 9
British thermal units

Shannon
    $600 3
(Shannon: What is the femur?)
...
(Alex: The femur's up higher.)

the fibula

MarianneShannon
    $600 25
a cell phone

Marianne
    $600 20
Dory

Susan
    $600 19
(Marianne: Mm... no. [Shakes head])

live and let live

Marianne
Triple Stumper
    $1,600 15
Pope Benedict

Shannon
    $800 10
Lamentations

Shannon
    $800 5
(Susan: What is sucrose?)

fructose

SusanShannon
    $800 24
a university

Susan
    $800 22
Piranha

Susan
    $1000 17
Jesse Jackson

Marianne
    $1000 11
Turner Classic Movies

Marianne
    $1000 7
fiber optic

Marianne
    $1000 23
illiterate

Triple Stumper
    $1000 21
Limpet

Susan

Scores at the first commercial break (after clue 15):

Susan Marianne Shannon
-$800 $3,000 $4,200

Scores at the end of the Jeopardy! Round:

Susan Marianne Shannon
$1,800 $4,000 $5,200

Double Jeopardy! Round responses

PEACH! PEACH!
CLASSICAL MUSICIANS
THE TROPIC OF CANCER
LESSER-KNOWN GRAMMYS
IMPRISONED AUTHORS
SAY "NE"THING
(Alex: Each correct response will begin with the letters "N-E".)
    $400 20
cobbler

Susan
    $400 1
Paganini

Susan
    $400 26
Mexico

Shannon
    $400 11
JFK

Shannon
    $400 21
the Bastille

Shannon
    $400 6
a needle

Marianne
    $800 19
clingstone

Susan
    $800 2
the BBC (the British Broadcasting Corporation)

Susan
    $800 29
the Bahamas

Shannon
    $800 12
Elmo

Susan
    $800 22
Jack London

Marianne
    $800 7
a nettle

Marianne
    $1200 16
Georgia

Marianne
    $1200 3
(James) Galway

Marianne
    $1200 28
(Susan: What is Aswan?)

Lake Nasser

Susan
Triple Stumper
    $1200 13
the Chicago Bears

Marianne
    $2,500 23
(Marianne: What is Scotland Yard?)

Reading Gaol

Marianne
    $1200 8
a netbook

Marianne
    $1600 17
(Nellie) Melba

Susan
    $1600 4
Israel

Triple Stumper
    $5,000 27
Taiwan

Shannon
    $1600 14
Hawaii

Susan
    $1600 24
(Shannon: What is Florence?)
(Susan: What is Istanbul?)

Genoa

SusanShannon
Triple Stumper
    $1600 9
Nehru

Susan
    $2000 18
to blanch

Marianne
    $2000 5
Pablo Casals

Triple Stumper
    $2000 30
(Susan: What is the Gulf of Aden?)
(Marianne: The Gulf of "Alqaba"?)

the Gulf of Oman

SusanMarianne
Triple Stumper
    $2000 15
Henry Rollins

Shannon
    $2000 25
(John) Bunyan

Susan
    $2000 10
a nebulizer

Marianne

Scores at the end of the Double Jeopardy! Round:

Susan Marianne Shannon
$7,000 $10,300 $12,600

[wagering suggestions for these scores]

Final Jeopardy! Round responses

HISTORIC RELATIVES
(Alex: [To Shannon] I don't know. Is that a prime number? Doesn't matter, because it's enough to make you the champion.)
SusanWhat is the Battle of New Orleans?
$7,000
MarianneWhat is the Battle of Gettysburg?
$10,299
ShannonWhat is the battle of New Orleans?
$8,031
the Battle of New Orleans

Final scores:

Susan Marianne Shannon
$14,000 $1 $20,631
2nd place: $2,000 3rd place: $1,000 New champion: $20,631

Game dynamics:

Coryat scores:

Susan Marianne Shannon
$7,000 $12,800 $8,400
13 R,
5 W
17 R,
4 W
(including 1 DD)
17 R
(including 2 DDs),
2 W

Combined Coryat: $28,200

The J! Archive is created by fans, for fans. The Jeopardy! game show and all elements thereof, including but not limited to copyright and trademark thereto, are the property of Jeopardy Productions, Inc. and are protected under law. This website is not affiliated with, sponsored by, or operated by Jeopardy Productions, Inc. Join the discussion at JBoard.tv.